000 00670nam a22002297a 4500
003 UA-OsUOA
001 20346
007 ta
008 20031027b un ||||| |||| 00| 0 ukr d
090 _a908(477.81)
_bІ32
942 _cBK
040 _aUA-OsUOA
_bukr
_cUA-OsUOA
_dUA-OsUOA
245 _aІз криниці печалі
_bЗбірник спогадів та документів
_cРед. П.Велесик Г.Дем'янчукРед. Є.ШморгунРед. В.Ящук
300 _a104 с.
955 _a0
041 _aukr
080 _a908(477.81)
260 _aРівне
_bАзалія
_c1996
044 _aUA
650 7 _2UDC
999 _c306523
_d306523